European Countries in Women's World Cup - Statistics

General Stats
  • This quiz has been taken 13 times
  • The average score is 10 of 15
Answers on the Grid
Answers color-coded by a green-red scale on the quiz's grid according to % correct below.
Portugal
Hungary
Russia
Germany
Norway
Sweden
England
France
Austria
Denmark
Italy
Netherlands
Poland
Spain
Northern Ireland
Ireland
Scotland
Wales
 
Answer Stats
Answer % Correct
England
92%
France
92%
Germany
92%
Netherlands
92%
Spain
92%
Sweden
92%
Denmark
83%
Italy
83%
Norway
83%
Portugal
67%
Scotland
50%
Wales
42%
Ireland
33%
Russia
25%
Northern Ireland
8%
No matching quizzes found
Score Distribution
Percent of People with Each Score
Percentile by Number Answered
Your Score History
You have not taken this quiz